Expressions Anglaises : VI.1. Social life - Statistiques

Statistiques générales
  • Ce quiz a été pris 30 fois
  • Le résultat moyen est 36 sur 57
Statistiques - réponses
Hint Réponse % Correct
to be at the top of the ladder être au sommet de l'échelle
80%
the middle class la classe moyenne
80%
the working class la classe ouvrière
80%
sex discrimination la discrimination sexuelle
80%
the generation gap le fossé des générations
80%
senior citizens les personnes âgées, le troisième âge
80%
a broken family une famille désunie
80%
a single-parent family une famille monoparentale
80%
to live in poverty vivre dans la pauvreté
80%
to live in luxury vivre dans le luxe
80%
to be in dire straits être dans une situation désespérée
73%
to climb the social ladder gravir l'échelle sociale
73%
to drive someone to do something inciter quelqu'un à réagir
73%
social mobility la mobilité sociale
73%
sexual harassment le harcèlement sexuel
73%
welfare benefits, social aids les aides sociales
73%
the lower ranks les bas échelons
73%
the privileged classes les classes privilégiées
73%
living conditions les conditions de vie
73%
battered children les enfants battus
73%
battered wives les femmes battues
73%
the man in the street l'homme de la rue
73%
to fight one's way to the top se battre pour arriver au sommet
73%
to commit suicide se suicider
73%
double-digit inflation une inflation supérieure à 10%
73%
a teenage mother une mère adolescente
73%
a welfare worker un travailleur social
73%
to bridge the gap combler le fossé
67%
to be below the poverty line être au-dessous du seuil de pauvreté
67%
the Sex Discrimination Act la loi pour l'abolition de la discrimination sexuelle
67%
equal opportunity l'égalité des chances
67%
the women's liberation movement le mouvement de libération de la femme
67%
the upper classes les classes supérieures
67%
social conflicts les conflits sociaux
67%
human rights les droits de l'homme
67%
a two-tier society une société à deux vitesses
67%
to go from rags to riches faire fortune en partant de rien
60%
to make both ends meet joindre les deux bouts
60%
class struggle la lutte des classes
60%
equal rights l'égalité des droits
60%
child abuse mauvais traitement à enfant
60%
to be full of drive être très entreprenant
53%
the ruling class la classe dirigeante
53%
the rat race la course au succès, la foire d'empoigne
53%
the affluent society la société d'abondance
53%
the bare necessities le strict minimum
53%
a social issue un problème de société
53%
the social fabric la trame sociale
47%
to keep up with the Joneses ne pas être en reste avec les voisins
47%
poverty-stricken pauvre
47%
meals on wheels repas à domicile (pour le 3e âge)
40%
one's living standard son niveau de vie
40%
to be well-off vivre dans l'aisance
40%
the dregs, scum of society la lie de la société
33%
one's station in life son rang social
20%
a status symbol une marque de standing
13%
social status le prestige, le standing
7%
Aucun quiz correspondant
Distribution des résultats
% des personnes avec chaque résultat
Percentile par nombre de réponses
Votre historique - résultats
Vous n’avez pas pris ce quiz